00685nam a2200217Ia 450000500170000000800410001702000200005808200220007824500870010026000520018730000150023965000140025465000160026865000170028465000110030170000190031270000170033194200060034895200980035499900150045220250312071816.0240331s9999 xx 000 0 und d a08030030 (ISSN) a301.01bOFS23180 0aDevelopment Theory: Recent Trends, bProceedings of the NFU Annual Conference 1992 aFantoft-Bergen,bChr. Michelson Institutec1993 av, 285 p., aEconomics aDemocratism aHuman Rights aGender aOfstad, Aeedt aWiig, Aeedt cL 001040708LaWERCLbWERCLcSSCd2024-03-31l0o 301.01 OFSp3180r2024-03-31w2024-03-31yL c1053d1053